000 01174nam a2200277Ia 4500
001 10732
003 GE_BSU
008 181216s||||||||xx |||||||||||||| ||und||
020 _a9789994002931
040 _cGE_BSU
080 _a37+373.3/5
100 _aპოსტმანი,ნილ.
245 _aგანათლების მიზანი=The End of Education.
245 _bსკოლის მნიშვნელობის გადაფასება.
245 _cთარგმნა:ლელა პაპიაშვილმა. რედ.ნინო ჭიაბრიშვილი.
260 _aთბილისი
260 _bი.ჭავჭავაძის სახელმწ. უნ–ტის გამ–ბა.
260 _c2007.
300 _a188გვ;28სმ.
300 _eშენიშვნ.გვ:182–184.
520 _aშემოსულია ტემპუსის პროექტით.
541 _h8ლ.50თ.
653 _aგანათლების მიზანი=The End of Education.
653 _aტემპუსის პროექტით
942 _cBK
999 _c43982
_d43982